The Princess Bride -Characters - Statistics

General Stats
  • This quiz has been taken 272 times
  • The average score is 6 of 7
Answer Stats
Hint Answer % Correct
Oh, my sweet Westley! What have I done? Buttercup
97%
My name is ----- -------, you killed my father, prepare to die! Inigo Montoya
91%
Life is pain, highness. Anyone who says differently is selling something. Westley
89%
You rush a miracle man, you get rotten miracles. Miracle Max
86%
Inconceivable! Vizzini
74%
You be careful. People in masks cannot be trusted. Fezzik
70%
Tyrone, you know how much I love watching you work, but I've got my country's 500th anniversary to plan, my wedding to arrange, my wife to murder and Guilder to frame for it; I'm swamped. Prince Humperdinck
54%
No matching quizzes found
Score Distribution
Percent of People with Each Score
Percentile by Number Answered
Your Score History
You have not taken this quiz